[Event "46th Greek Team Championship"]
[Site "chess24.com"]
[Date "2018.07.10"]
[Round "1"]
[White "Boruchovsky, Avital"]
[Black "Warmerdam, Max"]
[Result "1/2-1/2"]
[Board "1"]
[WhiteElo "2558"]
[WhiteTitle "GM"]
[WhiteCountry "ISR"]
[WhiteFideId "2800055"]
[WhiteEloChange "-2"]
[BlackElo "2424"]
[BlackTitle "FM"]
[BlackCountry "NED"]
[BlackFideId "1048104"]
[BlackEloChange "2"]

1. Nf3 {[%clk 1:30:55]} Nf6 {[%clk 1:30:41]} 2. c4 {[%clk 1:31:20]} c5 {[%clk
1:31:07]} 3. Nc3 {[%clk 1:31:29]} d5 {[%clk 1:31:31]} 4. cxd5 {[%clk 1:31:54]}
Nxd5 {[%clk 1:31:55]} 5. e4 {[%clk 1:32:16]} Nb4 {[%clk 1:32:03]} 6. Bc4 {[%clk
1:32:38]} Nd3+ {[%clk 1:32:01]} 7. Ke2 {[%clk 1:33:04]} Nf4+ {[%clk 1:32:27]} 8.
Kf1 {[%clk 1:33:30]} Ne6 {[%clk 1:31:42]} 9. b4 {[%clk 1:33:54]} g6 {[%clk
1:23:45]} 10. bxc5 {[%clk 1:33:49]} Bg7 {[%clk 1:24:09]} 11. Ba3 {[%clk 1:32:03]}
O-O {[%clk 1:24:14]} 12. Rb1 {[%clk 1:13:56]} Nc6 {[%clk 1:24:36]} 13. Ne2 {[%clk
1:12:08]} Qa5 {[%clk 1:03:37]} 14. Qc1 {[%clk 1:10:06]} b6 {[%clk 0:50:56]} 15.
Bd5 {[%clk 0:39:15]} Ba6 {[%clk 0:49:26]} 16. Bxc6 {[%clk 0:39:27]} Nf4 {[%clk
0:49:48]} 17. Ng1 {[%clk 0:39:21]} Rac8 {[%clk 0:34:21]} 18. cxb6 {[%clk
0:31:52]} Qg5 {[%clk 0:25:22]} 19. g3 {[%clk 0:29:45]} Nxe2 {[%clk 0:23:32]} 20.
Nxe2 {[%clk 0:28:50]} Qg4 {[%clk 0:23:24]} 21. b7 {[%clk 0:23:32]} Bxe2+ {[%clk
0:06:32]} 22. Kg1 {[%clk 0:23:45]} Bd3 {[%clk 0:03:48]} 23. bxc8Q {[%clk
0:23:26]} Rxc8 {[%clk 0:04:16]} 24. Rb3 {[%clk 0:22:07]} Bxe4 {[%clk 0:03:30]}
25. Bxe4 {[%clk 0:22:00]} Rxc1+ {[%clk 0:03:57]} 26. Bxc1 {[%clk 0:22:24]} Qxe4
{[%clk 0:04:20]} 27. Rb8+ {[%clk 0:22:51]} Bf8 {[%clk 0:04:44]} 28. d3 {[%clk
0:23:18]} Qe1+ {[%clk 0:04:26]} 29. Kg2 {[%clk 0:23:38]} Qe5 {[%clk 0:04:54]} 30.
Rb3 {[%clk 0:19:25]} Qd5+ {[%clk 0:02:03]} 31. f3 {[%clk 0:18:51]} a5 {[%clk
0:01:24]} 32. Re1 {[%clk 0:17:37]} a4 {[%clk 0:01:07]} 33. Rb8 {[%clk 0:16:05]}
Kg7 {[%clk 0:01:08]} 34. g4 {[%clk 0:12:41]} f6 {[%clk 0:00:47]} 35. Rb2 {[%clk
0:06:31]} Qxd3 {[%clk 0:01:06]} 36. Rd2 {[%clk 0:06:50]} Qc3 {[%clk 0:01:14]} 37.
g5 {[%clk 0:06:49]} Qc6 {[%clk 0:00:51]} 38. Bb2 {[%clk 0:06:51]} Kf7 {[%clk
0:01:07]} 39. gxf6 {[%clk 0:06:59]} exf6 {[%clk 0:01:32]} 40. Rc1 {[%clk
0:37:08]} Qb7 {[%clk 0:30:39]} 41. Rdc2 {[%clk 0:35:50]} Bd6 {[%clk 0:29:16]} 42.
Rd1 {[%clk 0:29:18]} Be7 {[%clk 0:22:30]} 43. Rd4 {[%clk 0:28:41]} a3 {[%clk
0:22:07]} 44. Bc1 {[%clk 0:29:03]} g5 {[%clk 0:17:22]} 45. Rdc4 {[%clk 0:27:51]}
Kg6 {[%clk 0:16:53]} 46. h4 {[%clk 0:25:55]} h6 {[%clk 0:14:00]} 47. Be3 {[%clk
0:25:59]} Bd6 {[%clk 0:05:50]} 48. hxg5 {[%clk 0:16:51]} hxg5 {[%clk 0:06:09]}
49. R4c3 {[%clk 0:16:12]} Qh7 {[%clk 0:06:15]} 50. Bf2 {[%clk 0:15:15]} Qh2+
{[%clk 0:06:10]} 51. Kf1 {[%clk 0:15:39]} Qh1+ {[%clk 0:05:39]} 52. Ke2 {[%clk
0:16:01]} Qg2 {[%clk 0:04:44]} 53. Rc4 {[%clk 0:15:03]} Bg3 {[%clk 0:04:16]} 54.
Ke3 {[%clk 0:15:26]} Bf4+ {[%clk 0:03:05]} 55. Ke2 {[%clk 0:15:48]} Bg3 {[%clk
0:03:32]} 56. Ke3 {[%clk 0:16:14]} Bf4+ {[%clk 0:01:11]} 57. Ke2 {[%clk 0:16:38]}
f5 {[%clk 0:01:38]} 58. Rxf4 {[%clk 0:12:47]} gxf4 {[%clk 0:02:03]} 59. Rc3
{[%clk 0:13:07]} Qh1 {[%clk 0:02:12]} 60. Rxa3 {[%clk 0:13:28]} Qb1 {[%clk
0:02:10]} 61. Ra6+ {[%clk 0:13:11]} Kg5 {[%clk 0:02:36]} 62. Rb6 {[%clk 0:12:38]}
Qxa2+ {[%clk 0:02:45]} 63. Kf1 {[%clk 0:13:01]} Qc4+ {[%clk 0:03:01]} 1/2-1/2

[Event "46th Greek Team Championship"]
[Site "chess24.com"]
[Date "2018.07.10"]
[Round "1"]
[White "Patriki, Alexandra"]
[Black "Strati, Betty - Anna"]
[Result "0-1"]
[Board "7"]
[WhiteElo "1355"]
[WhiteCountry "GRE"]
[WhiteFideId "25824490"]
[WhiteEloChange "-3"]
[BlackElo "1631"]
[BlackCountry "GRE"]
[BlackFideId "4280334"]
[BlackEloChange "3"]

1. d4 {[%clk 1:30:57]} d5 {[%clk 1:30:55]} 2. Nf3 {[%clk 1:31:21]} Nf6 {[%clk
1:31:18]} 3. c3 {[%clk 1:31:40]} c5 {[%clk 1:31:25]} 4. e3 {[%clk 1:31:47]} Nc6
{[%clk 1:30:53]} 5. Bd3 {[%clk 1:31:23]} e6 {[%clk 1:28:07]} 6. Nbd2 {[%clk
1:30:10]} Be7 {[%clk 1:25:53]} 7. dxc5 {[%clk 1:28:21]} Bxc5 {[%clk 1:22:18]} 8.
O-O {[%clk 1:25:03]} O-O {[%clk 1:20:37]} 9. e4 {[%clk 1:19:54]} Qc7 {[%clk
0:55:31]} 10. Qc2 {[%clk 1:06:55]} b6 {[%clk 0:46:27]} 11. h3 {[%clk 0:47:28]}
Bb7 {[%clk 0:39:50]} 12. exd5 {[%clk 0:32:00]} exd5 {[%clk 0:39:58]} 13. Nb3
{[%clk 0:25:07]} h6 {[%clk 0:32:55]} 14. Nxc5 {[%clk 0:21:16]} bxc5 {[%clk
0:33:19]} 15. Qd1 {[%clk 0:19:36]} Rfe8 {[%clk 0:29:55]} 16. Be3 {[%clk 0:14:51]}
Ne4 {[%clk 0:24:51]} 17. Nh2 {[%clk 0:10:10]} Ne5 {[%clk 0:18:24]} 18. Bf4 {[%clk
0:06:30]} Qe7 {[%clk 0:16:08]} 19. Bb5 {[%clk 0:05:09]} Red8 {[%clk 0:16:20]} 20.
Re1 {[%clk 0:04:11]} f6 {[%clk 0:14:09]} 21. Qe2 {[%clk 0:02:30]} g5 {[%clk
0:10:17]} 22. Bxe5 {[%clk 0:02:11]} fxe5 {[%clk 0:10:38]} 23. Ba4 {[%clk
0:01:44]} c4 {[%clk 0:09:45]} 24. Bc2 {[%clk 0:01:37]} Rac8 {[%clk 0:06:11]} 25.
f3 {[%clk 0:01:15]} Qc5+ {[%clk 0:06:01]} 26. Qe3 {[%clk 0:00:55]} d4 {[%clk
0:05:14]} 27. cxd4 {[%clk 0:01:20]} exd4 {[%clk 0:05:39]} 28. Qa3 {[%clk
0:01:14]} Qxa3 {[%clk 0:03:58]} 29. bxa3 {[%clk 0:01:39]} Nc5 {[%clk 0:03:35]}
30. Bf5 {[%clk 0:01:28]} Rb8 {[%clk 0:03:46]} 31. Rac1 {[%clk 0:01:26]} Nd3
{[%clk 0:02:14]} 32. Bxd3 {[%clk 0:01:11]} cxd3 {[%clk 0:02:43]} 33. Rcd1 {[%clk
0:01:00]} Ba6 {[%clk 0:02:41]} 34. Ng4 {[%clk 0:01:03]} Rb6 {[%clk 0:01:22]} 35.
Ne5 {[%clk 0:01:14]} Rb2 {[%clk 0:01:01]} 36. Nxd3 {[%clk 0:01:23]} Rxa2 {[%clk
0:01:11]} 37. Nb4 {[%clk 0:00:59]} Rxa3 {[%clk 0:01:22]} 38. Nc6 {[%clk 0:01:12]}
Rd6 {[%clk 0:00:46]} 39. Nxd4 {[%clk 0:01:14]} Rd3 {[%clk 0:00:55]} 40. Rxd3
{[%clk 0:31:25]} Bxd3 {[%clk 0:31:23]} 41. Nb3 {[%clk 0:24:44]} Bc2 {[%clk
0:27:24]} 42. Nc5 {[%clk 0:22:04]} Rd1 {[%clk 0:24:58]} 43. Rxd1 {[%clk 0:19:45]}
Bxd1 {[%clk 0:25:22]} 44. Nb7 {[%clk 0:18:30]} Kf7 {[%clk 0:23:29]} 45. Kf2
{[%clk 0:17:55]} Bb3 {[%clk 0:20:37]} 46. Kg3 {[%clk 0:09:23]} Bd5 {[%clk
0:17:45]} 47. Nc5 {[%clk 0:08:09]} a5 {[%clk 0:15:50]} 48. h4 {[%clk 0:02:15]}
Kg6 {[%clk 0:08:48]} 49. hxg5 {[%clk 0:02:06]} Kxg5 {[%clk 0:07:43]} 50. Kf2
{[%clk 0:01:56]} Bc6 {[%clk 0:06:17]} 51. Nb3 {[%clk 0:01:43]} a4 {[%clk
0:06:20]} 52. Na1 {[%clk 0:02:00]} a3 {[%clk 0:03:54]} 53. g3 {[%clk 0:01:51]} a2
{[%clk 0:03:43]} 54. Ke3 {[%clk 0:01:42]} Kf5 {[%clk 0:03:09]} 55. Kf2 {[%clk
0:01:30]} Ke5 {[%clk 0:02:40]} 56. Ke3 {[%clk 0:01:39]} Kd5 {[%clk 0:01:35]} 57.
f4 {[%clk 0:01:04]} Kc4 {[%clk 0:01:08]} 58. Kd2 {[%clk 0:00:57]} Bd7 {[%clk
0:00:46]} 59. Kc2 {[%clk 0:01:00]} Be6 {[%clk 0:00:49]} 60. Kb2 {[%clk 0:01:05]}
Kd4 {[%clk 0:01:01]} 61. Nc2+ {[%clk 0:01:02]} Ke4 {[%clk 0:01:02]} 62. Ne1
{[%clk 0:00:34]} Kf5 {[%clk 0:00:58]} 63. Nc2 {[%clk 0:00:33]} Kg4 {[%clk
0:01:00]} 64. Nd4 {[%clk 0:00:58]} Bc4 {[%clk 0:00:54]} 65. f5 {[%clk 0:00:55]}
Kxg3 {[%clk 0:00:53]} 66. f6 {[%clk 0:01:01]} Kg4 {[%clk 0:01:05]} 67. Nc2 {[%clk
0:00:38]} Kg5 {[%clk 0:00:41]} 68. Ne3 {[%clk 0:00:33]} Bf7 {[%clk 0:00:41]} 69.
Ka1 {[%clk 0:00:32]} h5 {[%clk 0:00:38]} 70. Ng2 {[%clk 0:00:32]} Kxf6 {[%clk
0:00:37]} 71. Nf4 {[%clk 0:00:43]} h4 {[%clk 0:00:55]} 72. Ng2 {[%clk 0:01:07]}
h3 {[%clk 0:01:08]} 73. Ne3 {[%clk 0:01:03]} Kg5 {[%clk 0:00:56]} 74. Nf1 {[%clk
0:00:34]} Kf4 {[%clk 0:00:52]} 75. Kb2 {[%clk 0:00:50]} Kf3 {[%clk 0:00:36]} 76.
Nh2+ {[%clk 0:01:01]} Kg2 {[%clk 0:00:36]} 77. Ng4 {[%clk 0:01:09]} Kg3 {[%clk
0:00:39]} 78. Ne3 {[%clk 0:01:31]} Kf3 {[%clk 0:00:42]} 79. Nf1 {[%clk 0:01:38]}
Be6 {[%clk 0:00:41]} 80. Ka1 {[%clk 0:01:08]} Kf2 {[%clk 0:00:42]} 81. Nd2 {[%clk
0:00:58]} h2 {[%clk 0:00:47]} 82. Ne4+ {[%clk 0:01:08]} Kg2 {[%clk 0:00:54]} 83.
Kb2 {[%clk 0:00:36]} h1Q {[%clk 0:01:05]} 84. Kc2 {[%clk 0:00:36]} Qb1+ {[%clk
0:01:18]} 85. Kd2 {[%clk 0:00:55]} Qxe4 {[%clk 0:01:37]} 0-1

[Event "46th Greek Team Championship"]
[Site "chess24.com"]
[Date "2018.07.10"]
[Round "1"]
[White "Apostolidis, Angelos"]
[Black "Loutragotis, Marios"]
[Result "0-1"]
[Board "9"]
[WhiteElo "1117"]
[WhiteCountry "GRE"]
[WhiteFideId "25814656"]
[WhiteEloChange "-2"]
[BlackElo "1545"]
[BlackCountry "GRE"]
[BlackFideId "4280652"]
[BlackEloChange "2"]

1. e4 {[%clk 1:30:57]} c5 {[%clk 1:30:46]} 2. Nf3 {[%clk 1:31:04]} d6 {[%clk
1:31:09]} 3. d4 {[%clk 1:30:59]} cxd4 {[%clk 1:31:08]} 4. Nxd4 {[%clk 1:30:48]}
Nf6 {[%clk 1:31:18]} 5. Nc3 {[%clk 1:30:23]} a6 {[%clk 1:31:23]} 6. Bd3 {[%clk
1:25:49]} Nbd7 {[%clk 1:25:27]} 7. Nf3 {[%clk 1:25:18]} b5 {[%clk 1:20:06]} 8. a3
{[%clk 1:24:39]} Bb7 {[%clk 1:19:48]} 9. O-O {[%clk 1:23:32]} g6 {[%clk 1:16:02]}
10. Re1 {[%clk 1:23:18]} Bg7 {[%clk 1:14:48]} 11. Bf4 {[%clk 1:21:20]} Nh5 {[%clk
1:09:48]} 12. Bd2 {[%clk 1:18:41]} Nb6 {[%clk 0:42:22]} 13. Re2 {[%clk 1:06:08]}
Rc8 {[%clk 0:40:34]} 14. Rb1 {[%clk 1:03:27]} Nc4 {[%clk 0:35:01]} 15. Qe1 {[%clk
0:59:45]} O-O {[%clk 0:28:41]} 16. Bxc4 {[%clk 0:50:54]} Rxc4 {[%clk 0:27:48]}
17. Re3 {[%clk 0:50:50]} Qd7 {[%clk 0:24:18]} 18. Qe2 {[%clk 0:38:34]} Nf4 {[%clk
0:21:50]} 19. Qe1 {[%clk 0:38:19]} Qg4 {[%clk 0:20:12]} 20. g3 {[%clk 0:36:54]}
Ne6 {[%clk 0:16:37]} 21. b3 {[%clk 0:33:25]} Rcc8 {[%clk 0:15:40]} 22. b4 {[%clk
0:32:13]} Nd4 {[%clk 0:12:02]} 23. Qd1 {[%clk 0:26:15]} Nxf3+ {[%clk 0:10:57]}
24. Qxf3 {[%clk 0:25:57]} Qxf3 {[%clk 0:11:12]} 25. Rxf3 {[%clk 0:26:17]} Bxc3
{[%clk 0:11:18]} 26. Rxc3 {[%clk 0:25:37]} Rxc3 {[%clk 0:11:20]} 27. Bxc3 {[%clk
0:25:48]} Bxe4 {[%clk 0:11:35]} 28. Re1 {[%clk 0:25:34]} f5 {[%clk 0:11:30]} 29.
Re3 {[%clk 0:24:40]} Rc8 {[%clk 0:10:36]} 30. f3 {[%clk 0:24:36]} Bxc2 {[%clk
0:10:53]} 31. Be1 {[%clk 0:24:03]} e5 {[%clk 0:09:28]} 32. Rc3 {[%clk 0:23:23]}
Rxc3 {[%clk 0:06:36]} 33. Bxc3 {[%clk 0:23:51]} Kf7 {[%clk 0:07:01]} 34. Kf2
{[%clk 0:24:19]} Ke6 {[%clk 0:07:24]} 35. Ke3 {[%clk 0:24:40]} Kd5 {[%clk
0:06:14]} 36. Kd2 {[%clk 0:23:09]} Bb1 {[%clk 0:06:23]} 37. Kc1 {[%clk 0:23:09]}
Bd3 {[%clk 0:06:42]} 38. Kd2 {[%clk 0:21:24]} Kc4 {[%clk 0:05:46]} 39. Bb2 {[%clk
0:20:28]} Bb1 {[%clk 0:02:52]} 40. Ke3 {[%clk 0:49:48]} Kb3 {[%clk 0:32:50]} 41.
Bc1 {[%clk 0:48:10]} d5 {[%clk 0:32:58]} 42. f4 {[%clk 0:48:13]} d4+ {[%clk
0:31:42]} 43. Kf3 {[%clk 0:46:13]} e4+ {[%clk 0:31:51]} 44. Ke2 {[%clk 0:46:28]}
Kc2 {[%clk 0:30:56]} 45. Be3 {[%clk 0:44:07]} dxe3 {[%clk 0:31:01]} 46. Kxe3
{[%clk 0:44:08]} Kb3 {[%clk 0:31:25]} 47. Kd4 {[%clk 0:43:41]} Kxa3 {[%clk
0:31:46]} 48. Ke5 {[%clk 0:43:14]} e3 {[%clk 0:32:04]} 49. Kf6 {[%clk 0:43:30]}
e2 {[%clk 0:32:26]} 50. Kg7 {[%clk 0:43:35]} e1Q {[%clk 0:32:43]} 51. Kxh7 {[%clk
0:43:37]} Qd2 {[%clk 0:31:50]} 52. h4 {[%clk 0:43:28]} Qe3 {[%clk 0:30:51]} 53.
Kxg6 {[%clk 0:42:52]} Qxg3+ {[%clk 0:31:15]} 54. Kh5 {[%clk 0:42:35]} Ba2 {[%clk
0:31:06]} 55. Kh6 {[%clk 0:41:49]} Qxf4+ {[%clk 0:29:45]} 56. Kh5 {[%clk
0:41:49]} Bf7# {[%clk 0:30:06]} 0-1

[Event "46th Greek Team Championship"]
[Site "chess24.com"]
[Date "2018.07.10"]
[Round "1"]
[White "Asvestopoulou, Evdokia"]
[Black "Tomara, Ioanna"]
[Result "1-0"]
[Board "5"]
[WhiteElo "1720"]
[WhiteCountry "GRE"]
[WhiteFideId "4219198"]
[WhiteEloChange "2"]
[BlackElo "1007"]
[BlackCountry "GRE"]
[BlackFideId "25834940"]
[BlackEloChange "-2"]

1. d4 {[%clk 1:30:55]} d5 {[%clk 1:30:55]} 2. c4 {[%clk 1:31:13]} dxc4 {[%clk
1:31:04]} 3. Nc3 {[%clk 1:31:23]} Nc6 {[%clk 1:31:13]} 4. e3 {[%clk 1:31:16]} Nf6
{[%clk 1:30:08]} 5. Bxc4 {[%clk 1:29:41]} Bf5 {[%clk 1:28:52]} 6. Nf3 {[%clk
1:29:03]} e6 {[%clk 1:27:48]} 7. O-O {[%clk 1:29:16]} Qd7 {[%clk 1:23:18]} 8. h3
{[%clk 1:24:53]} Bb4 {[%clk 1:20:09]} 9. a3 {[%clk 1:24:43]} Ba5 {[%clk 1:20:24]}
10. b4 {[%clk 1:22:37]} Bb6 {[%clk 1:20:17]} 11. Bb2 {[%clk 1:12:17]} O-O {[%clk
1:17:19]} 12. Rc1 {[%clk 1:08:47]} Rac8 {[%clk 1:14:55]} 13. Qe2 {[%clk 1:02:44]}
Rfe8 {[%clk 1:08:47]} 14. Bb5 {[%clk 1:00:09]} Qd6 {[%clk 1:01:08]} 15. e4 {[%clk
0:57:04]} Nxd4 {[%clk 0:54:42]} 16. Nxd4 {[%clk 0:51:15]} Bxd4 {[%clk 0:55:06]}
17. exf5 {[%clk 0:50:10]} Re7 {[%clk 0:53:24]} 18. Qf3 {[%clk 0:39:42]} c6 {[%clk
0:52:22]} 19. Bc4 {[%clk 0:37:43]} b5 {[%clk 0:51:16]} 20. Bb3 {[%clk 0:34:38]}
a6 {[%clk 0:50:49]} 21. Rcd1 {[%clk 0:32:23]} e5 {[%clk 0:49:52]} 22. Ne4 {[%clk
0:17:57]} Nxe4 {[%clk 0:47:01]} 23. Qxe4 {[%clk 0:18:06]} Rd8 {[%clk 0:43:40]}
24. Rfe1 {[%clk 0:14:15]} Red7 {[%clk 0:40:37]} 25. Bxd4 {[%clk 0:13:47]} exd4
{[%clk 0:39:49]} 26. Rxd4 {[%clk 0:13:06]} Qf8 {[%clk 0:38:58]} 27. Rxd7 {[%clk
0:11:31]} Rxd7 {[%clk 0:37:59]} 28. Qxc6 {[%clk 0:11:31]} Re7 {[%clk 0:35:31]}
29. Rxe7 {[%clk 0:11:29]} Qxe7 {[%clk 0:35:54]} 30. Qc8+ {[%clk 0:11:48]} Qf8
{[%clk 0:36:12]} 31. Qxf8+ {[%clk 0:11:50]} Kxf8 {[%clk 0:36:34]} 32. Bd5 {[%clk
0:11:42]} Ke7 {[%clk 0:35:45]} 33. Bb7 {[%clk 0:12:06]} f6 {[%clk 0:34:13]} 34.
Bxa6 {[%clk 0:12:28]} 1-0

[Event "46th Greek Team Championship"]
[Site "chess24.com"]
[Date "2018.07.10"]
[Round "1"]
[White "Fertakis, Dimitrios"]
[Black "Trapalis, Theodoros"]
[Result "0-1"]
[Board "10"]
[WhiteElo "1058"]
[WhiteCountry "GRE"]
[WhiteFideId "25820559"]
[WhiteEloChange "-3"]
[BlackElo "1386"]
[BlackCountry "GRE"]
[BlackFideId "25854690"]
[BlackEloChange "3"]

1. e4 {[%clk 1:30:57]} e6 {[%clk 1:30:53]} 2. d4 {[%clk 1:31:18]} d5 {[%clk
1:31:17]} 3. Nc3 {[%clk 1:31:40]} Nf6 {[%clk 1:31:38]} 4. e5 {[%clk 1:31:25]}
Nfd7 {[%clk 1:32:02]} 5. Nf3 {[%clk 1:31:17]} c5 {[%clk 1:32:08]} 6. Be3 {[%clk
1:30:55]} cxd4 {[%clk 1:26:11]} 7. Bxd4 {[%clk 1:23:41]} Nc6 {[%clk 1:25:59]} 8.
Bb5 {[%clk 1:22:39]} Nxd4 {[%clk 1:20:24]} 9. Qxd4 {[%clk 1:19:53]} a6 {[%clk
1:17:21]} 10. Bxd7+ {[%clk 1:13:48]} Bxd7 {[%clk 1:17:39]} 11. O-O {[%clk
1:11:42]} Rc8 {[%clk 1:12:14]} 12. a3 {[%clk 1:04:18]} Bc5 {[%clk 1:06:53]} 13.
Qd2 {[%clk 1:02:46]} b5 {[%clk 0:57:09]} 14. Ne2 {[%clk 0:58:11]} Qc7 {[%clk
0:49:56]} 15. Qg5 {[%clk 0:46:44]} O-O {[%clk 0:39:35]} 16. Nf4 {[%clk 0:44:16]}
f6 {[%clk 0:26:10]} 17. exf6 {[%clk 0:31:06]} Rxf6 {[%clk 0:26:30]} 18. Nd3
{[%clk 0:29:09]} Bd6 {[%clk 0:22:41]} 19. Rac1 {[%clk 0:26:41]} Rcf8 {[%clk
0:19:04]} 20. Qe3 {[%clk 0:23:21]} Rh6 {[%clk 0:13:05]} 21. h3 {[%clk 0:20:21]}
Rf5 {[%clk 0:09:14]} 22. Rfe1 {[%clk 0:16:53]} Rfh5 {[%clk 0:03:33]} 23. Nfe5
{[%clk 0:16:06]} Be8 {[%clk 0:02:34]} 24. Ng4 {[%clk 0:13:42]} Rg6 {[%clk
0:02:31]} 25. Nge5 {[%clk 0:11:39]} Bxe5 {[%clk 0:01:01]} 26. Nxe5 {[%clk
0:12:01]} Rf6 {[%clk 0:00:37]} 27. Nd3 {[%clk 0:11:28]} Bg6 {[%clk 0:00:35]} 28.
Ne5 {[%clk 0:10:16]} Rhf5 {[%clk 0:00:34]} 29. Ng4 {[%clk 0:10:07]} Rf8 {[%clk
0:00:33]} 30. Qxe6+ {[%clk 0:10:12]} Kh8 {[%clk 0:00:43]} 31. Qe3 {[%clk
0:09:16]} Bh5 {[%clk 0:00:34]} 32. Rf1 {[%clk 0:04:42]} h6 {[%clk 0:00:34]} 33.
Qd4 {[%clk 0:04:52]} Rf4 {[%clk 0:00:34]} 34. Qxd5 {[%clk 0:04:40]} Bxg4 {[%clk
0:00:46]} 35. hxg4 {[%clk 0:04:59]} Rxg4 {[%clk 0:01:09]} 36. Qh5 {[%clk
0:04:36]} Rg5 {[%clk 0:00:40]} 37. Qh2 {[%clk 0:04:30]} Qc5 {[%clk 0:00:35]} 38.
Qh4 {[%clk 0:04:26]} Rh5 {[%clk 0:00:34]} 39. Qg3 {[%clk 0:04:26]} Rg5 {[%clk
0:00:40]} 40. Qe3 {[%clk 0:34:34]} Qc6 {[%clk 0:30:34]} 41. f3 {[%clk 0:32:39]}
Qg6 {[%clk 0:26:55]} 42. Rf2 {[%clk 0:31:22]} h5 {[%clk 0:22:49]} 43. Qe4 {[%clk
0:30:28]} Rff5 {[%clk 0:19:30]} 44. c3 {[%clk 0:29:15]} Kh7 {[%clk 0:14:56]} 45.
Re1 {[%clk 0:28:31]} Rg3 {[%clk 0:12:51]} 46. Qe6 {[%clk 0:27:34]} Rf6 {[%clk
0:10:45]} 47. Qe4 {[%clk 0:27:21]} Rf5 {[%clk 0:09:35]} 48. Rd1 {[%clk 0:26:45]}
Rgg5 {[%clk 0:05:07]} 49. Rd3 {[%clk 0:24:22]} Rg3 {[%clk 0:02:46]} 50. Rd5
{[%clk 0:22:47]} Rxd5 {[%clk 0:00:49]} 51. Qxd5 {[%clk 0:23:03]} Qb1+ {[%clk
0:00:35]} 52. Kh2 {[%clk 0:23:19]} Rg6 {[%clk 0:00:34]} 53. Qd4 {[%clk 0:20:26]}
Qc1 {[%clk 0:00:35]} 54. Qd2 {[%clk 0:20:19]} Qb1 {[%clk 0:00:34]} 55. Qc2 {[%clk
0:20:17]} Qe1 {[%clk 0:00:35]} 56. Qe2 {[%clk 0:20:16]} Qc1 {[%clk 0:00:38]} 57.
Rf1 {[%clk 0:19:44]} Qf4+ {[%clk 0:00:38]} 58. Kg1 {[%clk 0:19:59]} h4 {[%clk
0:00:34]} 59. Rf2 {[%clk 0:17:34]} h3 {[%clk 0:00:35]} 60. Kh1 {[%clk 0:17:16]}
hxg2+ {[%clk 0:00:34]} 61. Rxg2 {[%clk 0:17:24]} Qc1+ {[%clk 0:00:35]} 62. Kh2
{[%clk 0:17:23]} Rh6+ {[%clk 0:00:34]} 63. Kg3 {[%clk 0:17:35]} Qg5+ {[%clk
0:00:36]} 64. Kf2 {[%clk 0:17:50]} Qh4+ {[%clk 0:00:39]} 65. Kf1 {[%clk 0:17:43]}
Qh1+ {[%clk 0:00:34]} 66. Rg1 {[%clk 0:18:01]} Qh3+ {[%clk 0:00:40]} 67. Qg2
{[%clk 0:18:22]} Qd7 {[%clk 0:00:36]} 68. Rh1 {[%clk 0:18:18]} Qd1+ {[%clk
0:01:00]} 69. Kf2 {[%clk 0:18:14]} Qxh1 {[%clk 0:01:24]} 70. Qg4 {[%clk 0:17:50]}
Qh4+ {[%clk 0:01:37]} 71. Qxh4 {[%clk 0:17:48]} Rxh4 {[%clk 0:02:00]} 72. b3
{[%clk 0:18:12]} Kg6 {[%clk 0:02:17]} 73. Ke3 {[%clk 0:18:14]} Kf5 {[%clk
0:02:37]} 74. Ke2 {[%clk 0:17:50]} Kf4 {[%clk 0:01:49]} 75. c4 {[%clk 0:18:01]}
bxc4 {[%clk 0:02:08]} 76. bxc4 {[%clk 0:18:25]} Ke5 {[%clk 0:02:28]} 77. c5
{[%clk 0:18:43]} Kd5 {[%clk 0:02:53]} 78. a4 {[%clk 0:19:05]} Rxa4 {[%clk
0:03:09]} 79. c6 {[%clk 0:19:26]} Kxc6 {[%clk 0:03:35]} 80. Ke3 {[%clk 0:19:49]}
Rc4 {[%clk 0:03:55]} 81. f4 {[%clk 0:19:57]} a5 {[%clk 0:04:08]} 82. f5 {[%clk
0:20:17]} a4 {[%clk 0:04:27]} 83. Kd3 {[%clk 0:20:42]} Kb5 {[%clk 0:04:50]} 84.
f6 {[%clk 0:20:50]} gxf6 {[%clk 0:05:14]} 85. Ke3 {[%clk 0:21:13]} a3 {[%clk
0:05:39]} 86. Kd3 {[%clk 0:21:33]} a2 {[%clk 0:06:04]} 87. Ke3 {[%clk 0:21:56]}
a1Q {[%clk 0:06:27]} 88. Kd3 {[%clk 0:22:21]} Qc3+ {[%clk 0:06:45]} 89. Ke2
{[%clk 0:22:44]} Qc2+ {[%clk 0:07:04]} 90. Ke3 {[%clk 0:23:07]} Re4+ {[%clk
0:07:28]} 91. Kf3 {[%clk 0:23:30]} Qe2+ {[%clk 0:07:54]} 92. Kg3 {[%clk 0:23:50]}
Rg4+ {[%clk 0:08:18]} 93. Kh3 {[%clk 0:24:11]} Qg2# {[%clk 0:08:45]} 0-1

[Event "46th Greek Team Championship"]
[Site "chess24.com"]
[Date "2018.07.10"]
[Round "1"]
[White "Prokopiou, Ekaterini"]
[Black "Skaraki, Antigoni"]
[Result "0-1"]
[Board "5"]
[WhiteElo "1661"]
[WhiteCountry "GRE"]
[WhiteFideId "4218710"]
[WhiteEloChange "-2"]
[BlackElo "2027"]
[BlackCountry "GRE"]
[BlackFideId "4222970"]
[BlackEloChange "2"]

1. d4 {[%clk 1:30:56]} Nf6 {[%clk 1:30:55]} 2. c4 {[%clk 1:31:09]} g6 {[%clk
1:31:20]} 3. Nc3 {[%clk 1:31:02]} Bg7 {[%clk 1:31:45]} 4. Nf3 {[%clk 1:31:20]}
O-O {[%clk 1:32:07]} 5. Bf4 {[%clk 1:31:27]} d6 {[%clk 1:28:59]} 6. h3 {[%clk
1:31:12]} c5 {[%clk 1:26:54]} 7. e3 {[%clk 1:30:46]} Qa5 {[%clk 1:09:35]} 8. Qd2
{[%clk 1:16:35]} a6 {[%clk 1:04:43]} 9. Be2 {[%clk 1:09:06]} Re8 {[%clk 0:50:22]}
10. d5 {[%clk 0:50:45]} Bd7 {[%clk 0:45:42]} 11. e4 {[%clk 0:43:10]} b5 {[%clk
0:38:30]} 12. e5 {[%clk 0:39:41]} dxe5 {[%clk 0:26:20]} 13. Nxe5 {[%clk 0:36:03]}
b4 {[%clk 0:25:54]} 14. Nd1 {[%clk 0:34:38]} Ne4 {[%clk 0:19:31]} 15. Qe3 {[%clk
0:28:49]} b3+ {[%clk 0:18:38]} 16. Nc3 {[%clk 0:19:33]} Bf5 {[%clk 0:17:44]} 17.
O-O {[%clk 0:15:48]} Nxc3 {[%clk 0:17:56]} 18. Qxc3 {[%clk 0:16:04]} Qxc3 {[%clk
0:18:14]} 19. bxc3 {[%clk 0:16:28]} b2 {[%clk 0:18:32]} 20. Rab1 {[%clk 0:16:27]}
Bxb1 {[%clk 0:17:11]} 21. Rxb1 {[%clk 0:16:51]} g5 {[%clk 0:16:54]} 22. Bg3
{[%clk 0:16:42]} Bxe5 {[%clk 0:07:04]} 23. Bxe5 {[%clk 0:17:00]} Nd7 {[%clk
0:07:30]} 24. Bg3 {[%clk 0:17:14]} f5 {[%clk 0:06:34]} 25. Bc7 {[%clk 0:13:03]}
Ra7 {[%clk 0:05:30]} 26. Bh5 {[%clk 0:12:56]} Rc8 {[%clk 0:03:41]} 27. d6 {[%clk
0:12:10]} exd6 {[%clk 0:02:43]} 28. Bxd6 {[%clk 0:12:34]} Nf6 {[%clk 0:02:43]}
29. Bf3 {[%clk 0:12:04]} Ne4 {[%clk 0:01:21]} 30. Bxe4 {[%clk 0:11:43]} fxe4
{[%clk 0:01:50]} 31. Rxb2 {[%clk 0:12:04]} Rd7 {[%clk 0:02:03]} 32. Rb6 {[%clk
0:10:36]} a5 {[%clk 0:01:39]} 33. Ra6 {[%clk 0:10:32]} h5 {[%clk 0:01:10]} 34. a4
{[%clk 0:07:43]} Kh7 {[%clk 0:01:11]} 35. Kh2 {[%clk 0:05:46]} h4 {[%clk
0:01:08]} 36. Kg1 {[%clk 0:02:36]} Kg7 {[%clk 0:00:46]} 37. Be5+ {[%clk 0:02:47]}
Kf7 {[%clk 0:00:54]} 38. Rf6+ {[%clk 0:02:37]} Ke7 {[%clk 0:01:09]} 39. Rg6
{[%clk 0:02:26]} Rd1+ {[%clk 0:01:26]} 40. Kh2 {[%clk 0:32:49]} Rf1 {[%clk
0:31:37]} 41. Rxg5 {[%clk 0:31:44]} Rxf2 {[%clk 0:19:29]} 42. Rg4 {[%clk
0:28:46]} Re2 {[%clk 0:18:50]} 43. Rxh4 {[%clk 0:28:36]} Ke6 {[%clk 0:15:38]} 44.
Bg3 {[%clk 0:26:14]} Rd8 {[%clk 0:12:55]} 45. Rh6+ {[%clk 0:23:13]} Kf7 {[%clk
0:11:46]} 46. Bd6 {[%clk 0:22:17]} e3 {[%clk 0:05:39]} 47. h4 {[%clk 0:16:43]}
Rg8 {[%clk 0:04:10]} 48. Bg3 {[%clk 0:12:44]} Ra2 {[%clk 0:03:42]} 49. Rc6 {[%clk
0:10:39]} Re8 {[%clk 0:00:49]} 50. Rxc5 {[%clk 0:10:34]} e2 {[%clk 0:00:42]} 51.
Rxa5 {[%clk 0:10:32]} e1Q {[%clk 0:01:07]} 52. Bxe1 {[%clk 0:10:57]} Rxe1 {[%clk
0:01:36]} 53. Rg5 {[%clk 0:09:57]} Rxa4 {[%clk 0:01:56]} 54. Rg4 {[%clk 0:10:16]}
Re3 {[%clk 0:02:07]} 55. h5 {[%clk 0:10:37]} Rxc3 {[%clk 0:02:00]} 0-1